AH International Schools' Libraries

Normal view MARC view
  • Tintin (Fictional character).

Entry Topical Term

Number of records used in: 1

001 - CONTROL NUMBER

  • control field: 86986

003 - CONTROL NUMBER IDENTIFIER

  • control field: OSt

005 - DATE AND TIME OF LATEST TRANSACTION

  • control field: 20251205111815.0

008 - FIXED-LENGTH DATA ELEMENTS

  • fixed length control field: 251205|| aca||aabn | a|a d

040 ## - CATALOGING SOURCE

  • Original cataloging agency: OSt
  • Transcribing agency: OSt

150 ## - HEADING--TOPICAL TERM

  • Topical term or geographic name as entry element: Tintin (Fictional character).
  • Form subdivision: Comics strips

670 ## - SOURCE DATA FOUND

  • Source citation: Work cat.: (OSt)49843: Herge, 86985, Cigars of the Pharaoh /, 2012.

For any Logos Library related questions please contact Miss Art at swongnarasuk@asianhope.org.

For any Asian Hope Library related questions please contact Miss Raza at graza@asianhope.org.

Powered by Koha